[Event "Moscow Open 2007"]
[Site "Moscow"]
[Date "2007.01.30"]
[Round "4"]
[White "Matsenko, Sergei"]
[Black "Iljushin, Alexei"]
[Result "1/2-1/2"]
[WhiteElo "2378"]
[BlackElo "2510"]
[PlyCount "66"]
[EventDate "2007.??.??"]

1. e4 c5 2. Nf3 Nc6 3. d4 cxd4 4. Nxd4 Nf6 5. Nc3 d6 6. Bg5 Bd7 7. Qd2 Nxd4 8.
Qxd4 h6 9. Bxf6 gxf6 10. O-O-O Qa5 11. f4 Rc8 12. Kb1 Qc5 13. Qd3 f5 14. e5 Bg7
15. Be2 O-O 16. g4 Bc6 17. Rhg1 dxe5 18. Qxf5 e6 19. Qh5 Rfd8 20. Rc1 f6 21. f5
b5 22. Bd3 Be8 23. Qh4 Qb4 24. Ne4 Qe7 25. Rgf1 Bf7 26. b3 Rd4 27. Qf2 Kh8 28.
h4 exf5 29. Qxf5 Be6 30. Qg6 Bf7 31. Qf5 Be6 32. Qg6 Bf7 33. Qf5 Be6 1/2-1/2

[Event "Moscow Open 2007"]
[Site "Moscow"]
[Date "2007.01.30"]
[Round "4"]
[White "Yudin, Sergei"]
[Black "Rjabzev, Konstantin"]
[Result "1-0"]
[WhiteElo "2508"]
[BlackElo "2387"]
[PlyCount "86"]
[EventDate "2007.??.??"]

1. e4 e5 2. Bc4 Nf6 3. d3 Nc6 4. Nf3 Bc5 5. c3 d6 6. Bb3 a6 7. Nbd2 Ba7 8. h3
O-O 9. Nf1 Be6 10. N3h2 d5 11. Qf3 dxe4 12. dxe4 Bxb3 13. axb3 Nd7 14. Be3 Qf6
15. Qe2 Nc5 16. b4 Ne6 17. Bxa7 Rxa7 18. g3 Qg6 19. Nf3 Ng5 20. N3d2 f5 21.
exf5 Qxf5 22. Ne3 Qe6 23. h4 Nf7 24. Ne4 Ne7 25. O-O Qc6 26. Nc4 Nd6 27. Ned2
Nef5 28. Nxe5 Qe8 29. Rfe1 Ra8 30. Ndc4 Kh8 31. Nxd6 Nxd6 32. Qg4 Rf5 33. Nc4
Qf7 34. Nxd6 cxd6 35. Re2 Rf8 36. Qd4 Rd5 37. Qb6 Qf3 38. Rae1 Rd1 39. Qe3
Rxe1+ 40. Rxe1 Qf7 41. Re2 d5 42. Qd4 h6 43. Re5 Rd8 1-0

[Event "Moscow Open 2007"]
[Site "Moscow"]
[Date "2007.01.30"]
[Round "4"]
[White "Kachar, Vladimir"]
[Black "Ivanov, Victor L"]
[Result "0-1"]
[WhiteElo "2364"]
[BlackElo "2502"]
[PlyCount "84"]
[EventDate "2007.??.??"]

1. c4 b6 2. Nc3 Bb7 3. e4 e6 4. Nf3 Bb4 5. Bd3 Ne7 6. O-O O-O 7. a3 Bxc3 8.
dxc3 f5 9. Qe2 fxe4 10. Bxe4 Bxe4 11. Qxe4 Nbc6 12. Be3 Nf5 13. Rad1 Nd6 14.
Qg4 Rf5 15. Nd4 Ne5 16. Qe2 Rf7 17. b3 Qh4 18. f3 Qh5 19. Bf2 Ng6 20. Bg3 Qc5
21. Bf2 Nf4 22. Qd2 Qh5 23. Be3 Raf8 24. a4 a6 25. Kh1 e5 26. Nc2 e4 27. Ne1
Ne6 28. Rf2 exf3 29. Rxf3 Rxf3 30. Nxf3 Rxf3 31. gxf3 Qxf3+ 32. Kg1 Ne4 33. Qe1
Qg4+ 34. Kh1 Qf3+ 35. Kg1 h5 36. Rd5 h4 37. Rd3 Nf4 38. Bxf4 Qxd3 39. Bxc7 h3
40. Bxb6 Qf3 41. Qf1 Qg4+ 42. Kh1 Nd2 0-1

[Event "Moscow Open 2007"]
[Site "Moscow"]
[Date "2007.01.30"]
[Round "4"]
[White "Romanov, Evgeny"]
[Black "Soltanici, Ruslan"]
[Result "1-0"]
[WhiteElo "2501"]
[BlackElo "2372"]
[PlyCount "61"]
[EventDate "2007.??.??"]

1. e4 c5 2. Ne2 d6 3. g3 Nc6 4. Bg2 g6 5. c3 Bg7 6. d4 e5 7. dxc5 dxc5 8. Qxd8+
Kxd8 9. Na3 Be6 10. f4 Bh6 11. Be3 b6 12. O-O Ke7 13. Rae1 Nf6 14. Bc1 Ne8 15.
c4 Bg7 16. Nc3 f6 17. Nd5+ Kf7 18. fxe5 Nxe5 19. Bf4 Nd3 20. Re3 Nxf4 21. Nxf4
Rd8 22. e5 f5 23. Bd5 Nc7 24. Nxe6 Nxe6 25. Nb5 Rd7 26. g4 f4 27. Rxf4+ Ke7 28.
Rf6 Nc7 29. Rf7+ Kd8 30. Rxd7+ Kxd7 31. e6+ 1-0

[Event "Moscow Open 2007"]
[Site "Moscow"]
[Date "2007.01.30"]
[Round "4"]
[White "Dobrov, Vladimir"]
[Black "Zemtsov, Igor"]
[Result "1-0"]
[WhiteElo "2479"]
[BlackElo "2364"]
[PlyCount "126"]
[EventDate "2007.??.??"]

1. d4 g6 2. e4 Bg7 3. Nf3 d6 4. c3 Nf6 5. Bd3 O-O 6. O-O c6 7. Re1 Qc7 8. Nbd2
e5 9. Bf1 Nbd7 10. b3 Re8 11. a4 b6 12. Ba3 Bb7 13. Nc4 c5 14. dxc5 dxc5 15.
Nd6 Re7 16. Nxb7 Qxb7 17. Bc4 Rae8 18. Qe2 Nb8 19. b4 cxb4 20. Bxb4 Rd7 21.
Rad1 h6 22. Bb5 Nc6 23. Qc4 Re6 24. Rxd7 Nxd7 25. Rd1 Ndb8 26. Qe2 Bf8 27. Bc4
Re8 28. Bd5 Qc7 29. Qd2 Nxb4 30. cxb4 Rc8 31. h4 Na6 32. h5 gxh5 33. Qb2 Bg7
34. Nh4 Qc2 35. Qxc2 Rxc2 36. Nf5 Bf8 37. Bb7 Nxb4 38. Rd8 f6 39. Bc8 Kf7 40.
Bd7 Rc7 41. Be8+ Ke6 42. Bxh5 Bc5 43. Bd1 Kf7 44. Rh8 Rd7 45. Bh5+ Ke6 46. Re8+
Be7 47. Ng7+ Kd6 48. Bg4 Nc6 49. Bxd7 Kxd7 50. Rh8 Nd4 51. Kf1 Kc6 52. Rxh6 Kc5
53. Nf5 Nxf5 54. exf5 a5 55. Rh7 Bd6 56. Rf7 b5 57. axb5 a4 58. Ke2 a3 59. Kd3
Kxb5 60. Kc3 e4 61. Kb3 Bc5 62. Rxf6 Bxf2 63. Re6 Kc5 1-0

[Event "Moscow Open 2007"]
[Site "Moscow"]
[Date "2007.01.30"]
[Round "4"]
[White "Kutuzov, Denis"]
[Black "Dvalishvili, Pavel S"]
[Result "1/2-1/2"]
[WhiteElo "2293"]
[BlackElo "2477"]
[PlyCount "79"]
[EventDate "2007.??.??"]

1. e4 c5 2. Nf3 e6 3. c3 d5 4. e5 d4 5. Bd3 Bd7 6. Be4 Bc6 7. Qe2 Ne7 8. d3
Bxe4 9. Qxe4 Nbc6 10. O-O Qd5 11. Qe2 dxc3 12. Nxc3 Qd7 13. Be3 Nf5 14. Rfd1
Be7 15. Ne4 Qd5 16. Nc3 Qd7 17. Ne4 b6 18. Ng3 O-O 19. Nxf5 exf5 20. d4 cxd4
21. Bxd4 Qe6 22. Bc3 Rfd8 23. b3 h6 24. h3 Bc5 25. Rxd8+ Rxd8 26. Rd1 Rxd1+ 27.
Qxd1 g5 28. Qd3 a5 29. Kf1 Kf8 30. Nd2 Ke7 31. Nc4 Qd7 32. Nd6 Bxd6 33. exd6+
Qxd6 34. Qxf5 Qd1+ 35. Be1 Nd4 36. Qe5+ Kd7 37. Qd5+ Kc8 38. Qa8+ Kc7 39. Qa7+
Kc6 40. Qa8+ 1/2-1/2

[Event "Moscow Open 2007"]
[Site "Moscow"]
[Date "2007.01.30"]
[Round "4"]
[White "Kosov, Ivan"]
[Black "Petrushin, Alexander I"]
[Result "1-0"]
[WhiteElo "2354"]
[BlackElo "2473"]
[PlyCount "105"]
[EventDate "2007.??.??"]

1. e4 c5 2. Nf3 d6 3. c3 Nf6 4. Qc2 Bg4 5. d4 Bxf3 6. gxf3 cxd4 7. cxd4 Nbd7 8.
Nc3 e5 9. Be3 Be7 10. Be2 O-O 11. f4 Rc8 12. Bf3 Qa5 13. O-O Nb6 14. Rac1 Nc4
15. Qe2 Qb4 16. fxe5 dxe5 17. dxe5 Nxe5 18. Bg2 Bc5 19. Bg5 Qc4 20. Qxc4 Nxc4
21. Bxf6 gxf6 22. Bh3 Nxb2 23. Bxc8 Rxc8 24. Nd5 Rc6 25. Rc3 Na4 26. Rb3 Nb6
27. Rd1 Re6 28. Kf1 Kf8 29. f3 f5 30. Nxb6 Bxb6 31. exf5 Rc6 32. Rd7 Kg7 33.
Rb2 Kf6 34. Rxb7 Rc5 35. Kg2 Rxf5 36. h4 Rf4 37. Kg3 Rc4 38. Rd2 Bd4 39. Rd7
Bb6 40. R2d6+ Kg7 41. Rd5 Ra4 42. Rf5 Rxa2 43. Rfxf7+ Kg6 44. Rg7+ Kf5 45. Rg5+
Kf6 46. Rxh7 Be3 47. Rb5 Ra1 48. Rc7 Rg1+ 49. Kh2 Rf1 50. Rc6+ Ke7 51. Rb7+ Kd8
52. Rf6 Kc8 53. Rh7 1-0

[Event "Moscow Open 2007"]
[Site "Moscow"]
[Date "2007.01.30"]
[Round "4"]
[White "Rakhmanov, Aleksandr"]
[Black "Belous, Vladimir"]
[Result "1-0"]
[WhiteElo "2473"]
[BlackElo "2289"]
[PlyCount "95"]
[EventDate "2007.??.??"]

1. e4 c5 2. Nf3 Nc6 3. Bb5 g6 4. O-O Bg7 5. d3 Nf6 6. h3 O-O 7. Bxc6 dxc6 8. e5
Nd5 9. Re1 b6 10. Nbd2 a5 11. Qe2 Ba6 12. a3 Nc7 13. Ne4 Ne6 14. Neg5 Nc7 15.
Bf4 h6 16. Ne4 Ne6 17. Bd2 Qd7 18. Rad1 Rad8 19. Ng3 Qd5 20. Bc3 c4 21. dxc4
Qxc4 22. Qxc4 Bxc4 23. Nd4 Nxd4 24. Bxd4 c5 25. Bc3 Be6 26. f4 h5 27. Kf2 Bh6
28. Ke3 a4 29. Ne4 Rb8 30. Rg1 Rfc8 31. g4 hxg4 32. hxg4 b5 33. Be1 b4 34. Bh4
Kf8 35. Rd2 bxa3 36. bxa3 Rb2 37. Bg5 Bxg5 38. Nxg5 Kg7 39. f5 Bc4 40. Rh1 gxf5
41. Rh7+ Kg8 42. gxf5 f6 43. Rdh2 Kf8 44. Rh8+ Bg8 45. Ne6+ Kf7 46. Rg2 fxe5
47. Rg7+ Kf6 48. Rh6+ 1-0

[Event "Moscow Open 2007"]
[Site "Moscow"]
[Date "2007.01.30"]
[Round "4"]
[White "Kashlinskaya, Alina"]
[Black "Sitnikov, Anton"]
[Result "0-1"]
[WhiteElo "2228"]
[BlackElo "2467"]
[PlyCount "54"]
[EventDate "2007.??.??"]

1. d4 d5 2. c4 c6 3. cxd5 cxd5 4. Nc3 Nc6 5. Nf3 Nf6 6. Bf4 e6 7. e3 Nh5 8. Bg5
Qb6 9. Bb5 h6 10. Bh4 Bd7 11. O-O g6 12. g4 g5 13. gxh5 gxh4 14. Nxh4 Bd6 15.
f4 O-O-O 16. Qe2 a6 17. Bd3 Rdg8+ 18. Kh1 Qd8 19. Nf3 f5 20. a3 Be8 21. b4 Bxh5
22. b5 axb5 23. Bxb5 Na5 24. Qc2 Kb8 25. Nd2 Qh4 26. Qa4 Qh3 27. Rf2 Qxe3 0-1

[Event "Moscow Open 2007"]
[Site "Moscow"]
[Date "2007.01.30"]
[Round "4"]
[White "Gavrilov, Alexei"]
[Black "Larina, Marija"]
[Result "1-0"]
[WhiteElo "2465"]
[BlackElo "2094"]
[PlyCount "117"]
[EventDate "2007.??.??"]

1. d4 f5 2. g3 Nf6 3. Bg2 g6 4. Nf3 Bg7 5. b4 O-O 6. Bb2 Ne4 7. c4 d6 8. Qb3 c5
9. bxc5 dxc5 10. d5 Nd7 11. Bxg7 Kxg7 12. O-O Qa5 13. Rc1 Rb8 14. Nc3 Nxc3 15.
Rxc3 b5 16. Re3 Re8 17. Ng5 Nf6 18. Rc1 Bd7 19. Ne6+ Bxe6 20. Rxe6 bxc4 21.
Qxc4 Rb2 22. Ra6 Qd2 23. Rxa7 Qxe2 24. Qxe2 Rxe2 25. d6 Kf8 26. Bc6 Rd8 27. Bf3
Re6 28. dxe7+ Rxe7 29. Rxe7 Kxe7 30. Rxc5 Rd2 31. a4 Ra2 32. Rc4 Kd6 33. h3 Ke5
34. Bc6 Ne4 35. f4+ Kf6 36. Bxe4 fxe4 37. Rxe4 h5 38. g4 hxg4 39. hxg4 g5 40.
fxg5+ Kxg5 41. Kf1 Kh4 42. Ke1 Kg3 43. Kd1 Kf3 44. Rb4 Ke3 45. Kc1 Kd3 46. Rf4
Ke3 47. Kb1 Re2 48. Rb4 Kd3 49. Rb3+ Kc4 50. Rg3 Kb4 51. g5 Kxa4 52. g6 Re8 53.
g7 Rg8 54. Kc2 Kb4 55. Kd3 Kc5 56. Ke4 Kd6 57. Kf5 Ke7 58. Kg6 Rd8 59. Re3+ 1-0

[Event "Moscow Open 2007"]
[Site "Moscow"]
[Date "2007.01.30"]
[Round "4"]
[White "Yuzhakov, Oleg"]
[Black "Balashov, Yuri S"]
[Result "0-1"]
[WhiteElo "2221"]
[BlackElo "2422"]
[PlyCount "90"]
[EventDate "2007.??.??"]

1. e4 d6 2. c4 e5 3. Nc3 g6 4. g3 Bg7 5. Bg2 Ne7 6. d3 O-O 7. Be3 Nbc6 8. Nge2
Be6 9. Qd2 f5 10. Nd5 Qd7 11. Bg5 Rae8 12. h4 h5 13. O-O Kh7 14. b4 Nc8 15. b5
Nd8 16. Rab1 c6 17. bxc6 bxc6 18. Ne3 fxe4 19. dxe4 Nf7 20. f4 exf4 21. gxf4
Bh3 22. f5 Nxg5 23. hxg5 Bxg2 24. Kxg2 Qe7 25. Rf3 Qxe4 26. Rb7 Qh4 27. Rh3
Qxg5+ 28. Rg3 Qh4 29. Rxg6 Re7 30. Rb3 Qe4+ 31. Kg1 Rf6 32. Rg5 Bh6 33. Rxh5
Qf3 34. Rh2 Rg7+ 35. Ng2 Qxf5 36. Qd3 Qxd3 37. Rxd3 Kg8 38. Nd4 Bf4 39. Rh4 Bg3
40. Re4 Bf2+ 41. Kh2 Rh6+ 42. Rh3 Bg3+ 43. Kg1 Rxh3 44. Re8+ Kh7 45. Ne6 Bh2+
0-1

[Event "Moscow Open 2007"]
[Site "Moscow"]
[Date "2007.01.30"]
[Round "4"]
[White "Shabanov, Yuri"]
[Black "Gingold, Anton"]
[Result "1-0"]
[WhiteElo "2422"]
[BlackElo "2079"]
[PlyCount "83"]
[EventDate "2007.??.??"]

1. e4 c5 2. f4 e6 3. Nf3 d5 4. e5 Nc6 5. c3 Qb6 6. Be2 Be7 7. O-O h5 8. d3 Nh6
9. Na3 Nf5 10. Nc2 Bd7 11. Rb1 Rc8 12. Ne3 a6 13. Nxf5 exf5 14. Be3 Be6 15. b4
Qa7 16. bxc5 Bxc5 17. Bxc5 Qxc5+ 18. d4 Qa7 19. Qb3 b5 20. a4 b4 21. cxb4 Nxd4
22. Nxd4 Qxd4+ 23. Kh1 Qb6 24. a5 Qc7 25. b5 axb5 26. Qxb5+ Kf8 27. Bf3 d4 28.
Qb6 Qxb6 29. Rxb6 g6 30. a6 Rc7 31. Rb7 Rc8 32. a7 Kg7 33. Rb4 Bc4 34. Rd1 Be6
35. Rbxd4 h4 36. Ra1 Ra8 37. Kg1 Rhc8 38. Bxa8 Rxa8 39. Rb4 Bd5 40. Rb8 Kh6 41.
Rxa8 Bxa8 42. Rb1 1-0

[Event "Moscow Open 2007"]
[Site "Moscow"]
[Date "2007.01.30"]
[Round "4"]
[White "Yuganova, Marina"]
[Black "Gabrielian, Artur"]
[Result "0-1"]
[WhiteElo "1900"]
[BlackElo "2521"]
[PlyCount "124"]
[EventDate "2007.??.??"]

1. c4 Nf6 2. g3 e5 3. Bg2 d5 4. cxd5 Nxd5 5. Nc3 Nb6 6. d3 Be7 7. Nf3 Nc6 8.
Be3 O-O 9. O-O Be6 10. Ne4 Re8 11. Rc1 f6 12. Bc5 Rb8 13. Qc2 Nd7 14. Bxe7 Qxe7
15. a3 a5 16. Rfd1 Qf7 17. Ned2 Nb6 18. Qc5 Red8 19. Ne4 Bb3 20. Re1 h6 21. Qc3
Na4 22. Qd2 Bd5 23. Nc3 Nxc3 24. Qxc3 Rd7 25. Nd2 Bxg2 26. Kxg2 Qd5+ 27. Kg1
Nd4 28. Qc4 c6 29. Ne4 b6 30. Nc3 Qxc4 31. dxc4 Nb3 32. Rcd1 Rd4 33. Rxd4 exd4
34. Ne4 Re8 35. Nd6 Re6 36. Nf5 g6 37. Nh4 Nd2 38. Rc1 Rxe2 39. Nxg6 Nb3 40.
Rd1 c5 41. Rb1 Rc2 42. Ne7+ Kf7 43. Nc8 d3 44. Rd1 d2 45. Kf1 Nd4 46. Kg2 Rxb2
47. Nd6+ Ke6 48. Ne4 Nb3 49. Kf3 f5 50. Nc3 Rc2 51. Nb1 Rxc4 52. Nxd2 Rc3+ 53.
Ke2 Nd4+ 54. Ke1 Rxa3 55. Nc4 Rb3 56. Kd2 a4 57. f4 b5 58. Na5 Rb2+ 59. Kc3
Rc2+ 60. Kd3 Kd5 61. Re1 c4+ 62. Ke3 Rxh2 0-1

[Event "Moscow Open 2007"]
[Site "Moscow"]
[Date "2007.01.30"]
[Round "4"]
[White "Naumkin, Igor"]
[Black "Losev, Dmitry"]
[Result "1/2-1/2"]
[WhiteElo "2510"]
[BlackElo "2345"]
[PlyCount "70"]
[EventDate "2007.??.??"]

1. d4 g6 2. c4 Bg7 3. e4 d6 4. Nc3 Nc6 5. d5 Nd4 6. Be3 c5 7. Nge2 Qb6 8. Nxd4
cxd4 9. Na4 Qa5+ 10. Bd2 Qc7 11. Rc1 Nf6 12. Bd3 O-O 13. b4 a5 14. b5 b6 15.
O-O e5 16. f4 exf4 17. Bxf4 Nh5 18. Bg5 Be5 19. Qd2 Kh8 20. Be2 f6 21. Bxh5
gxh5 22. Rf2 Bg4 23. Rcf1 Rg8 24. Bxf6+ Bxf6 25. Rxf6 Bh3 26. R6f2 Qg7 27. Nxb6
Rae8 28. Qe2 d3 29. Qf3 Qd4 30. Qxh3 d2 31. Nd7 Rgf8 32. Nxf8 Rxf8 33. Qd3 Qxd3
34. Rxf8+ Kg7 35. R1f7+ Kg6 1/2-1/2

[Event "Moscow Open 2007"]
[Site "Moscow"]
[Date "2007.01.30"]
[Round "4"]
[White "Maslov, Mikhail"]
[Black "Smirnov, Igor"]
[Result "0-1"]
[WhiteElo "2336"]
[BlackElo "2439"]
[PlyCount "74"]
[EventDate "2007.??.??"]

1. c4 Nf6 2. g3 e6 3. Bg2 d5 4. Nf3 Be7 5. O-O O-O 6. b3 c5 7. e3 Nc6 8. Bb2 b6
9. Na3 Bb7 10. d3 dxc4 11. bxc4 Nb4 12. d4 Be4 13. Ne5 Bxg2 14. Kxg2 cxd4 15.
exd4 Rc8 16. Qf3 Nd7 17. Ng4 f5 18. Ne5 Nxe5 19. dxe5 a6 20. Rad1 Qc7 21. Qb3
Rfd8 22. Kg1 Bc5 23. Nc2 Nc6 24. Qc3 Rd7 25. Rxd7 Qxd7 26. Qf3 Na5 27. Rd1 Qa4
28. Nd4 Qxc4 29. Nb3 Nxb3 30. axb3 Qc2 31. Bc1 Bxf2+ 32. Kh1 Qe4 33. Kg2 Rc2
34. Rd8+ Kf7 35. Qxe4 fxe4 36. Bf4 Bc5+ 37. Kh3 e3 0-1

[Event "Moscow Open 2007"]
[Site "Moscow"]
[Date "2007.01.30"]
[Round "4"]
[White "Vorotnikov, Vladislav V"]
[Black "Vasilkova, Svetlana"]
[Result "1/2-1/2"]
[WhiteElo "2437"]
[BlackElo "2336"]
[PlyCount "73"]
[EventDate "2007.??.??"]

1. e4 c5 2. c3 d6 3. d4 Nf6 4. f3 Nbd7 5. Be3 g6 6. Na3 cxd4 7. cxd4 Bg7 8. Nc2
O-O 9. Bd3 e5 10. d5 Nh5 11. Ne2 f5 12. Qd2 Nc5 13. O-O-O fxe4 14. Bxe4 Nf6 15.
Bxc5 dxc5 16. Nc3 Rb8 17. Qe3 Qd6 18. Nb5 Qb6 19. Qb3 Nxe4 20. fxe4 Bg4 21.
Rde1 Bd7 22. Nba3 Qa6 23. Ne3 b5 24. Nac2 Qb6 25. Rhf1 Rfc8 26. Nd1 b4 27. Qf3
Bb5 28. Qf7+ Kh8 29. Rf3 c4 30. Kb1 Qc5 31. Ree3 Ba4 32. Rh3 h6 33. Rxh6+ Bxh6
34. Qf6+ Kh7 35. Qf7+ Kh8 36. Qf6+ Kh7 37. Qf7+ 1/2-1/2

[Event "Moscow Open 2007"]
[Site "Moscow"]
[Date "2007.01.30"]
[Round "4"]
[White "Paveliev, Alexey"]
[Black "Fominykh, Maria"]
[Result "1-0"]
[WhiteElo "2418"]
[BlackElo "2316"]
[PlyCount "113"]
[EventDate "2007.??.??"]

1. e4 d6 2. d4 Nf6 3. Nd2 e5 4. c3 g6 5. Ngf3 Nbd7 6. Bd3 Bg7 7. O-O O-O 8. Re1
c6 9. b3 Qc7 10. a4 b6 11. a5 b5 12. b4 d5 13. dxe5 Nxe5 14. Nxe5 Qxe5 15. Bb2
dxe4 16. Nxe4 Ng4 17. Ng3 Qf4 18. Qc2 Rd8 19. Rad1 Be6 20. Bc1 Qxf2+ 21. Qxf2
Nxf2 22. Kxf2 Bxc3 23. Ne4 Bxb4 24. Bd2 Be7 25. Bc3 f5 26. Ng3 Bc5+ 27. Kf1 Bb3
28. Rd2 f4 29. Ne4 Be3 30. Rb2 Be6 31. Rxe3 fxe3 32. Ke2 Bf5 33. Nf6+ Kf7 34.
Be4 Ke6 35. Kxe3 h6 36. Bxf5+ Kxf5 37. Ne4 Ke6 38. Bd4 Re8 39. Rc2 Kd7 40. Bc3
Re6 41. Rd2+ Ke7 42. Kf4 Kf7 43. Rd7+ Kg8 44. Bf6 Kf8 45. Bg7+ Ke8 46. Rb7 a6
47. Bc3 Rc8 48. Nf6+ Kf8 49. Bb4+ c5 50. Bxc5+ Rxc5 51. Nd7+ Ke8 52. Nxc5 Rc6
53. Ne4 Kd8 54. Rh7 b4 55. Ke5 Ke8 56. Nd6+ Kd8 57. Ke6 1-0

[Event "Moscow Open 2007"]
[Site "Moscow"]
[Date "2007.01.30"]
[Round "4"]
[White "Kachko, Alexander"]
[Black "Vafin, Niaz"]
[Result "1/2-1/2"]
[WhiteElo "2410"]
[BlackElo "2308"]
[PlyCount "124"]
[EventDate "2007.??.??"]

1. e4 c5 2. Nc3 Nc6 3. g3 g6 4. Bg2 Bg7 5. d3 e6 6. Be3 Nd4 7. Qd2 Ne7 8. Nd1
d6 9. c3 Ndc6 10. Bh6 O-O 11. h4 f6 12. Bxg7 Kxg7 13. Ne2 d5 14. exd5 exd5 15.
d4 cxd4 16. Nxd4 Qb6 17. O-O Nxd4 18. cxd4 Be6 19. Nc3 Rfd8 20. Na4 Qc6 21. Qb4
Nf5 22. Rac1 a5 23. Qb3 Qe8 24. Nc5 Bf7 25. Rfe1 Qf8 26. Bh3 b6 27. Qxb6 Nxd4
28. Kg2 Qd6 29. Qxd6 Rxd6 30. Red1 Nb5 31. a4 Na7 32. Nb7 Rb6 33. Rc7 Kf8 34.
Nxa5 Rxb2 35. Nb7 f5 36. Nd6 Bg8 37. g4 Rb6 38. Nb7 Rf6 39. gxf5 gxf5 40. Kf3
Nc6 41. Nc5 Ne5+ 42. Kf4 Rc6 43. Rxc6 Nxc6 44. Bxf5 Ke7 45. Bd3 Kd6 46. Rc1 Ra7
47. Bb5 Rf7+ 48. Ke3 Re7+ 49. Kd2 Nd4 50. Kd3 Nf3 51. Nb3 Ne5+ 52. Kc3 Rf7 53.
a5 Rf3+ 54. Kb4 Rf4+ 55. Kc3 Rf3+ 56. Kb2 Rxf2+ 57. Rc2 Nc4+ 58. Bxc4 Rxc2+ 59.
Kxc2 dxc4 60. Nd4 Kc5 61. Kc3 h5 62. Nf5 Kb5 1/2-1/2

[Event "Moscow Open 2007"]
[Site "Moscow"]
[Date "2007.01.30"]
[Round "4"]
[White "Yuferov, Sergey N"]
[Black "Velikhanli, Firuza"]
[Result "1/2-1/2"]
[WhiteElo "2407"]
[BlackElo "2304"]
[PlyCount "78"]
[EventDate "2007.??.??"]

1. d4 d6 2. g3 g6 3. Bg2 Bg7 4. e4 Nf6 5. Ne2 O-O 6. O-O e5 7. Nbc3 c6 8. h3
Re8 9. Be3 Nbd7 10. a4 a5 11. Kh2 Qc7 12. d5 Nc5 13. Qd2 cxd5 14. exd5 Bd7 15.
Bh6 Bh8 16. f4 exf4 17. Qxf4 Re5 18. Nd4 Be8 19. Ndb5 Bxb5 20. axb5 Rae8 21.
Qc4 Rh5 22. Bd2 Qd7 23. Rf4 Rf5 24. Rxa5 Rxf4 25. Bxf4 Nh5 26. b4 Nxf4 27. gxf4
Bxc3 28. Qxc3 Ne4 29. Bxe4 Rxe4 30. Ra8+ Re8 31. Rxe8+ Qxe8 32. b6 Qe2+ 33. Kg1
Qd1+ 34. Kf2 Qxd5 35. Qc7 Qe4 36. Qxd6 Qxc2+ 37. Ke1 Qc1+ 38. Ke2 Qc2+ 39. Ke1
Qc1+ 1/2-1/2

[Event "Moscow Open 2007"]
[Site "Moscow"]
[Date "2007.01.30"]
[Round "4"]
[White "Egorov, Dmitry"]
[Black "Kremenietsky, Anatoly M"]
[Result "1-0"]
[WhiteElo "2305"]
[BlackElo "2389"]
[PlyCount "65"]
[EventDate "2007.??.??"]

1. e4 d6 2. d4 Nf6 3. Nc3 g6 4. h3 Bg7 5. g4 O-O 6. g5 Nfd7 7. Nf3 e5 8. d5 Nb6
9. Be3 f5 10. gxf6 Qxf6 11. Be2 Bd7 12. Qd2 Nc4 13. Bxc4 Qxf3 14. Rh2 a6 15.
Be2 Qf7 16. O-O-O b5 17. a3 Qe7 18. h4 Rf4 19. h5 g5 20. h6 Bf6 21. Rg1 Kh8 22.
Rhg2 Qf8 23. Bxf4 gxf4 24. Bh5 a5 25. Rg7 Ra7 26. Bf7 Bxg7 27. hxg7+ Qxg7 28.
Rxg7 Kxg7 29. Be6 b4 30. Qe2 Bxe6 31. dxe6 c6 32. Qg4+ Kf8 33. Qg5 1-0

[Event "Moscow Open 2007"]
[Site "Moscow"]
[Date "2007.01.30"]
[Round "4"]
[White "Reshetnikov, Alexey"]
[Black "Charochkina, Daria"]
[Result "1-0"]
[WhiteElo "2388"]
[BlackElo "2235"]
[PlyCount "97"]
[EventDate "2007.??.??"]

1. e4 c6 2. d4 d5 3. Nc3 dxe4 4. Nxe4 Bf5 5. Ng3 Bg6 6. N1e2 e6 7. Nf4 Bd6 8.
Ngh5 Nf6 9. Nxg6 hxg6 10. Nf4 Qc7 11. g3 Nbd7 12. Bg2 O-O-O 13. Nh3 e5 14. O-O
exd4 15. Qxd4 Nb6 16. Qe3 Kb8 17. Qf3 Nc4 18. Ng5 Rd7 19. Qb3 Nb6 20. h3 Re7
21. Bd2 c5 22. c4 Rhe8 23. Rad1 Be5 24. a4 Nc8 25. Rfe1 Ka8 26. Kf1 Bd4 27.
Rxe7 Rxe7 28. Nf3 Rd7 29. Bf4 Qb6 30. Qxb6 Nxb6 31. b3 Bc3 32. Rxd7 Nfxd7 33.
Ng5 Be5 34. Be3 Bd4 35. Bf4 Be5 36. Bd2 f5 37. Ne6 Kb8 38. Be3 Nc8 39. Nxc5
Nxc5 40. Bxc5 b6 41. Be3 Kc7 42. Ke2 Nd6 43. Kd3 Kd7 44. b4 Nc8 45. Bd5 Bf6 46.
c5 bxc5 47. Bxc5 Kc7 48. Bf7 g5 49. Be6 1-0

[Event "Moscow Open 2007"]
[Site "Moscow"]
[Date "2007.01.30"]
[Round "4"]
[White "Viliavin, Roman"]
[Black "Kalashnikov, Konstantin"]
[Result "0-1"]
[WhiteElo "2263"]
[BlackElo "2384"]
[PlyCount "54"]
[EventDate "2007.??.??"]

1. e4 c5 2. Nf3 g6 3. c3 Nf6 4. e5 Nd5 5. Bc4 Nb6 6. Bb3 Bg7 7. O-O O-O 8. d4
cxd4 9. cxd4 d6 10. Bf4 Nc6 11. Nbd2 dxe5 12. dxe5 Nd4 13. Ne4 Nxb3 14. Qxb3
Be6 15. Qa3 Nc4 16. Qb4 a5 17. Qb5 Qd5 18. Nc3 Qxb5 19. Nxb5 Rfc8 20. b3 Nb2
21. Bg3 a4 22. Nfd4 Bd7 23. Rab1 Nd3 24. e6 fxe6 25. Rfd1 axb3 26. axb3 e5 27.
Rxd3 exd4 0-1

[Event "Moscow Open 2007"]
[Site "Moscow"]
[Date "2007.01.30"]
[Round "4"]
[White "Krivoborodov, Egor"]
[Black "Ostertag, Galina"]
[Result "1-0"]
[WhiteElo "2380"]
[BlackElo "2210"]
[PlyCount "41"]
[EventDate "2007.??.??"]

1. e4 c6 2. d4 d5 3. e5 c5 4. dxc5 e6 5. Qg4 Nd7 6. Nf3 Nxc5 7. Nc3 a6 8. Be3
Qc7 9. O-O-O b5 10. a3 Rb8 11. Kb1 Ne7 12. Bd3 Ng6 13. Bxg6 hxg6 14. Qf4 Be7
15. h4 Bd7 16. Ng5 Bxg5 17. hxg5 Ke7 18. Rxh8 Rxh8 19. Qb4 Rc8 20. Rxd5 a5 21.
Qxc5+ 1-0

[Event "Moscow Open 2007"]
[Site "Moscow"]
[Date "2007.01.30"]
[Round "4"]
[White "Airapetian, Tatevik"]
[Black "Orlinkov, Maxim L"]
[Result "0-1"]
[WhiteElo "2245"]
[BlackElo "2377"]
[PlyCount "56"]
[EventDate "2007.??.??"]

1. e4 e5 2. Nf3 d6 3. d4 exd4 4. Nxd4 Nf6 5. Nc3 Be7 6. Be2 O-O 7. O-O c5 8.
Nb3 Nc6 9. f4 a6 10. Bf3 Be6 11. Be3 Rc8 12. Qe1 Nb4 13. Rf2 Re8 14. Rd1 Qc7
15. Nc1 Ng4 16. Bxg4 Bxg4 17. Rdd2 Bh4 18. g3 Bf6 19. N1e2 d5 20. Nxd5 Nxd5 21.
Rxd5 Rxe4 22. Rxc5 Qe7 23. Rxc8+ Bxc8 24. Bb6 Bg4 25. Kf1 Qe6 26. Ba7 b6 27. c3
Qc6 28. Qd2 Re7 0-1

[Event "Moscow Open 2007"]
[Site "Moscow"]
[Date "2007.01.30"]
[Round "4"]
[White "Filipenko, Alexander V"]
[Black "Morev, Ivan"]
[Result "1-0"]
[WhiteElo "2376"]
[BlackElo "2178"]
[PlyCount "61"]
[EventDate "2007.??.??"]

1. d4 g6 2. e4 d6 3. Nc3 c6 4. Bg5 Bg7 5. Qd2 b5 6. f4 Nf6 7. Bd3 O-O 8. Nf3
Bg4 9. e5 Bxf3 10. gxf3 b4 11. Ne2 Nd5 12. exd6 Qxd6 13. f5 gxf5 14. Bxf5 h6
15. Bh4 e6 16. Bd3 f5 17. Rg1 Kh8 18. Bc4 e5 19. O-O-O Nb6 20. Bb3 N8d7 21. Ng3
Kh7 22. Qd3 e4 23. Qd2 Ne5 24. fxe4 Nf3 25. e5 Bxe5 26. dxe5 Qxd2+ 27. Rxd2
Nxg1 28. Bf6 Rae8 29. Nxf5 Nf3 30. Rd6 Nxe5 31. Ng3 1-0

[Event "Moscow Open 2007"]
[Site "Moscow"]
[Date "2007.01.30"]
[Round "4"]
[White "Utkin, Aleksey"]
[Black "Omariev, Maksim"]
[Result "1-0"]
[WhiteElo "2374"]
[BlackElo "2153"]
[PlyCount "119"]
[EventDate "2007.??.??"]

1. d4 d5 2. Nf3 h6 3. c4 e6 4. e3 Nf6 5. Bd3 Nc6 6. O-O dxc4 7. Bxc4 Bd6 8. e4
Nxe4 9. d5 Ne5 10. dxe6 Nxc4 11. Qa4+ Kf8 12. Qxc4 Ng5 13. Bxg5 hxg5 14. exf7
Qf6 15. Re1 Bd7 16. Nc3 g4 17. Ne4 Qh6 18. Nc5 Bxc5 19. Qxc5+ Qd6 20. Qxd6+
cxd6 21. Ng5 Rh5 22. f4 gxf3 23. Nxf3 Rd8 24. Rad1 Bg4 25. Re8+ Rxe8 26.
fxe8=Q+ Kxe8 27. Rxd6 Bxf3 28. gxf3 Rc5 29. Rd2 Ke7 30. Kf2 a5 31. b3 b5 32.
Kg3 b4 33. Kg4 Ke6 34. f4 a4 35. Re2+ Kf6 36. Re4 Rc2 37. Rxb4 a3 38. Rb6+ Ke7
39. h4 Rxa2 40. Ra6 Ra1 41. Kf5 a2 42. h5 Kf7 43. Ra7+ Kf8 44. b4 Ke8 45. b5
Rh1 46. Rxa2 Rxh5+ 47. Ke6 Kd8 48. Rd2+ Kc7 49. Rd7+ Kb6 50. Rxg7 Rxb5 51. Rg1
Kc7 52. Rd1 Rb2 53. f5 Re2+ 54. Kf7 Rf2 55. f6 Rg2 56. Kf8 Rf2 57. f7 Rf3 58.
Rd4 Kc6 59. Rg4 Re3 60. Kg8 1-0

[Event "Moscow Open 2007"]
[Site "Moscow"]
[Date "2007.01.30"]
[Round "4"]
[White "Semenova, Irina"]
[Black "Okara, Andrey"]
[Result "1/2-1/2"]
[WhiteElo "2218"]
[BlackElo "2358"]
[PlyCount "60"]
[EventDate "2007.??.??"]

1. e4 e5 2. Nf3 Nc6 3. Bb5 a6 4. Ba4 Nf6 5. Qe2 d6 6. c3 Be7 7. O-O O-O 8. Rd1
b5 9. Bb3 Bg4 10. h3 Be6 11. d3 Bxb3 12. axb3 d5 13. Nbd2 Re8 14. Nf1 d4 15.
Ng3 g6 16. Nh2 b4 17. cxb4 Bxb4 18. Bg5 Qd6 19. Qf3 Kg7 20. Rac1 Re6 21. Nf5+
gxf5 22. exf5 e4 23. dxe4 Ree8 24. Bxf6+ Qxf6 25. Qg3+ Kh8 26. Ng4 Qd6 27. Qxd6
Bxd6 28. Rxc6 Rxe4 29. g3 Kg7 30. Nh2 Rb8 1/2-1/2